| 000 | 00623nam a2200241Ia 4500 | ||
|---|---|---|---|
| 003 | OSt | ||
| 005 | 20221007063754.0 | ||
| 006 | a|||||r|||| 00| 0 | ||
| 007 | ta | ||
| 008 | 221006b |||||||| |||| 00| 0 eng d | ||
| 024 | _a13,609 | ||
| 037 | _cTextual | ||
| 040 |
_aFLL _cFLL _beng |
||
| 041 |
_2eng _aeng |
||
| 082 | _aV73:2:Z, N4 | ||
| 100 |
_aCooley T.M. Au. _9684734 |
||
| 245 | 0 | _aConstitutional law | |
| 250 | _a4th | ||
| 260 |
_aCalcutta _bHindustan law book company India _c1994 |
||
| 300 |
_a474p _ccm. |
||
| 942 |
_hV73:2:Z, N4 _cTEXL _2CC |
||
| 999 |
_c1132141 _d1132141 |
||